El caballero de Olmedo
Saved in:
| Hovedforfatter: | |
|---|---|
| Format: | Bog |
| Sprog: | spansk |
| Udgivet: |
Barcelona
Océano
2000
|
| Serier: | Colección Clásicos Universales, 84
|
| Fag: | |
| Tags: |
Tilføj Tag
Ingen Tags, Vær først til at tagge denne postø!
|
MARC
| LEADER | 00000nam a2200000 a 4500 | ||
|---|---|---|---|
| 001 | UCM0468 | ||
| 003 | CL-VaPUC | ||
| 008 | 020301e20000000SP |||||||||||||||||spa|d | ||
| 082 | 0 | 4 | |a 862 |b VEG |2 21 |
| 100 | 0 | |a Vega, Lope de |e author |9 319628 | |
| 245 | 1 | 3 | |a El caballero de Olmedo |
| 300 | |a 127 p | ||
| 942 | |c BK | ||
| 945 | |d 20020301 00:00:00 |a cmena | ||
| 260 | |a Barcelona |b Océano |c 2000 | ||
| 650 | 0 | |a Dramas españoles |9 267081 | |
| 650 | 0 | |a Literatura española |9 306261 | |
| 650 | 0 | |a Teatro español |9 265077 | |
| 583 | |a last modification |c 20020301 00:00:00 |k Rodrigo Vera | ||
| 490 | 0 | |a Colección Clásicos Universales, 84 | |
| 999 | |c 299373 |d 299371 | ||
| 952 | |0 0 |1 0 |4 0 |6 862_000000000000000_VEG_2000 |7 0 |8 A |9 355879 |a FDOPOS |b FDOPOS |d 2019-11-21 |i 3794490 |o 862 VEG 2000 |p 3794490 |r 2025-01-22 |w 2019-11-21 |y BK |k MLH | ||